000 00429nam a2200121Ia 4500
008 220620s9999||||xx |||||||||||||| ||und||
100 _aZhang, Denghua
245 2 _aA Cautious New Approach
546 _aEnglish[eng]
650 _aChina||international aid||Pacific||trilateral aid||international relations||Chinese foreign policy
856 _uhttps://library.oapen.org/bitstream/20.500.12657/37221/1/Acautious.pdf
942 _cEB
999 _c34203
_d34203